Estudio de prefactibilidad para la industria de una planta procesadora de frutas en el Rosario, Rivas

El propósito de este estudio es evaluar la factibilidad técnico-económico de la instalación de una planta procesadora de frutas como una alternativa para los productores de la zona del valle El Rosario en Rivas. Incluye estudio de mercado, estudio técnico estudio económico y evaluación financ...

Full description

Bibliographic Details
Main Authors: Alonso Donaire, Marlon Javier, Díaz Bermúdez, Salvador Emilio
Other Authors: Tutor: Eslaquit Aragón, Juan Miguel
Format: Tesis Section = Libro
Language:Undetermined
Spanish
Published: Managua UNI 2000
Subjects:
LEADER 01184nam a2200253Ia 4500
008 240830s9999 xx 000 0 und d
040 |a BIBLIOTECA-RUPAP Mon 658.404 A454 
041 |a spa 
082 |a Mon 658.404 A454 
100 1 |a Alonso Donaire, Marlon Javier 
100 1 |b Díaz Bermúdez, Salvador Emilio 
245 1 0 |a Estudio de prefactibilidad para la industria de una planta procesadora de frutas en el Rosario, Rivas 
260 |a Managua  |b UNI  |c 2000 
300 |a 211 p. :il. 
500 |a Contiene: tablas, figuras, gráficos, anexos y apéndices. 
502 |a Tesis (Ingeniero Industrial)- UNI, 2000. 
520 3 |a El propósito de este estudio es evaluar la factibilidad técnico-económico de la instalación de una planta procesadora de frutas como una alternativa para los productores de la zona del valle El Rosario en Rivas. Incluye estudio de mercado, estudio técnico estudio económico y evaluación financiera del proyecto. 
650 7 |a ADMINISTRACIÓN DE PROYECTOS 
650 7 |b INVESTIGACIÓN DE MERCADO 
650 7 |c ESTUDIO ECONÓMICO 
700 1 |a Tutor:  |b Eslaquit Aragón, Juan Miguel 
942 |c BK  |2 ddc 
991 |a TESIS 
999 |c 17310